000 00441nam a2200157Ia 4500
008 240729s9999 xx 000 0 und d
022 _a1614-2241
245 0 _aMethodology
260 _aGermany
260 _bPsychOpen GOLD/ Leibniz Institute for Psychology
650 _a Psychology
650 _aPhilosophy. Psychology. Religion
856 _uhttps://doaj.org/toc/3f600816b8124ddf9f04130d9e2efe9e
942 _2ddc
942 _cDOAJEJ
999 _c73237
_d73237
945 _a1
_bMadushi Gamage
_c1
_dMadushi Gamage